| 000 | 00624cam a22002658a 4500 | ||
|---|---|---|---|
| 005 | 20260322212055.0 | ||
| 008 | data | ||
| 010 | _a00059159 | ||
| 020 | _a0515132187 | ||
| 020 | _a0399147128 | ||
| 020 | _a9780399147128 | ||
| 020 | _a9780515132182 | ||
| 040 |
_aDLC _cDLC |
||
| 099 | _aROBERN | ||
| 100 | 1 | _aRoberts, Nora. | |
| 245 | 1 | 4 |
_aThe villa / _cNora Roberts. |
| 260 |
_aNew York : _bG.P. Putnam's Sons, _c2001. |
||
| 263 | _a0103. | ||
| 300 |
_a421 p. ; _c24 cm. |
||
| 650 | 0 |
_aWine and wine making _vFiction. |
|
| 651 | 0 |
_aItaly _vFiction. |
|
| 655 | 7 | _aLove stories. | |
| 752 | _acs-c 08/06. | ||
| 001 | data | ||
| 999 |
_c1314 _d1314 |
||